| 000 | 00413pab a2200157 454500 | ||
|---|---|---|---|
| 008 | 180718b1996 xxu||||| |||| 00| 0 eng d | ||
| 100 | _aParker, Martin | ||
| 245 | _aManagers, doctors, and culture: changing an English health district | ||
| 260 | _c1996 | ||
| 300 | _ap.335-361 | ||
| 362 | _aNov | ||
| 650 | _aHealth services | ||
| 700 | _aDent, Mike | ||
| 773 | _aAdministration and Society | ||
| 909 | _a32729 | ||
| 999 |
_c32729 _d32729 |
||